Organización de servicios locales de documentación para el sector agua y saneamiento

محفوظ في:
التفاصيل البيبلوغرافية
مؤلف مشترك: CEPAL (مؤلف)
التنسيق: كتاب
اللغة:الإسبانية
منشور في: La Haya ICR Centro Internacional de Agua y Saneamiento 1996
سلاسل:Documentos de Refernecia, 9
الموضوعات:
الوسوم: إضافة وسم
لا توجد وسوم, كن أول من يضع وسما على هذه التسجيلة!

MARC

LEADER 00000nam a2200000 a 4500
001 UCR6943
003 CL-VaPUC
008 980424e19960000NE |||||||||||||||||spa|d
082 0 4 |a 001.42  |b CEP  |2 21 
110 2 |a CEPAL  |e author  |9 408131 
245 1 0 |a Organización de servicios locales de documentación para el sector agua y saneamiento 
300 |a 97 p 
942 |c BK 
945 |d 19980424 00:00:00  |a rleighto 
260 |a La Haya  |b ICR Centro Internacional de Agua y Saneamiento  |c 1996 
650 7 |a INFORMACION DOCUMENTAL  |2 CL-VaPUC  |9 402364 
650 7 |a INFORMACION TECNOLOGICA  |2 CL-VaPUC  |9 408132 
650 7 |a CENTROS DE DOCUMENTACION  |2 CL-VaPUC  |9 408133 
650 7 |a SERVICIOS DE INFORMACION  |2 CL-VaPUC  |9 320150 
650 7 |a USUARIOS DE INFORMACION  |2 CL-VaPUC  |9 334505 
583 |a last modification  |c 19980424 00:00:00  |k Rodrigo Vera 
490 0 |a Documentos de Refernecia, 9 
999 |c 268813  |d 268811 
952 |0 0  |1 0  |4 0  |6 001_420000000000000_CEP_1996  |7 0  |8 A  |9 302219  |a BIBING  |b BIBING  |d 2019-11-20  |i 3412075  |o 001.42 CEP 1996  |p 3412075  |r 2024-01-25  |w 2019-11-20  |y BK  |k EIB